Las ciudades perdidas del Paraguay: arte y arquitectura de las reducciones jesuíticas, 1607-1767
保存先:
| 主要な著者: | , |
|---|---|
| フォーマット: | 図書 |
| 言語: | スペイン語 |
| 出版事項: |
Bilbao
Ediciones Mensajero
2008
|
| 版: | 1a. ed |
| 主題: | |
| タグ: |
タグ追加
タグなし, このレコードへの初めてのタグを付けませんか!
|
MARC
| LEADER | 00000cam a2200000 a 4500 | ||
|---|---|---|---|
| 001 | UCD9967 | ||
| 003 | CL-VaPUC | ||
| 008 | 170713e20080000sp |||||||||||||||||spa|d | ||
| 020 | |a 8427115016 | ||
| 082 | 0 | 4 | |a 726.5828 |b MCN |2 21 |
| 100 | |a McNaspy, Clement J. |e autor |9 593910 | ||
| 700 | 0 | |a Blanch, José María |e author |9 593911 | |
| 245 | 1 | 4 | |a Las ciudades perdidas del Paraguay: arte y arquitectura de las reducciones jesuíticas, 1607-1767 |
| 250 | |a 1a. ed | ||
| 300 | |a 159 p | ||
| 942 | |c BK | ||
| 945 | |d 20170713 16:08:00 |a dcastane | ||
| 260 | |a Bilbao |b Ediciones Mensajero |c 2008 | ||
| 650 | 0 | |a Arquitectura religiosa |9 266677 | |
| 650 | 0 | |a Iglesias |9 352850 | |
| 650 | 0 | |a Misiones jesuitas |9 268367 | |
| 583 | |a last modification |c 20170713 16:08:00 |k Rodrigo Vera | ||
| 999 | |c 368969 |d 368967 | ||
| 952 | |0 0 |1 0 |3 erd |4 0 |6 726_582800000000000_MCN_2008 |7 0 |8 A |9 484476 |a BIBARQ |b BIBARQ |i 540682K |l 1 |o 726.5828 MCN 2008 |p 540682K |r 2025-01-20 |s 2024-11-04 |w 2019-11-24 |y BK |z Catalogado en:20170713 |k ARQ | ||